000 00728nam a2200217 a 4500
001 13921
003 BD-JhCC
005 20240515114449.0
008 240515b1991 b |||| ||a| 000 0 b d
035 _a(BD-JhCC)13921
040 _aBD-JhCC
_dBD-JhCC
041 _abengali
082 _a891.4409
_bSAL 1991
100 _a সালেহীন, মনিরুস
245 _aবেকেটের দুঃস্বপ্নের ও অন্যান্য প্রবন্ধ /
_c মনিরুস সালেহীন ।
260 _aঢাকা:
_bশিল্পতরু প্রকাশনী;
_c1991.
300 _a84 p. :
_c22 cm.
650 _abengali Literature
942 _2ddc
_cBK
999 _c13921
_d13921